| 000 | 01016nas a2200265 4500 | ||
|---|---|---|---|
| 001 | BR9000131 | ||
| 003 | BR-BrBNA | ||
| 005 | 20231205091751.0 | ||
| 007 | ta | ||
| 008 | 230509b bl.|||p| |||| 00| 00por d | ||
| 040 |
_aBR-BrBNA _bpor _cBiblioteca Nacional de Agricultura |
||
| 041 | _a(Pt) | ||
| 072 | _aQ03 | ||
| 100 | 1 | _aZamboni, C. de Q. | |
| 100 | 1 | _aAtui, M.B. | |
| 111 | 1 |
_a1. Congresso Brasileiro de Produtos Farmaceuticos, Cosmeticos e Afins e 6. Congresso Paulista de Farmaceuticos _cSao Paulo, SP (Brazil) _d1987 |
|
| 245 | 1 | _aComparacao entre metodos para pesquisa de sujidades e verificacao das condicoes de higiene das massas alimenticias por microscopia | |
| 246 | 1 | _aComparison of methods for filth in alimentary pastes | |
| 650 | _aMACARRAO | ||
| 650 | _aHIGIENE DE ALIMENTO | ||
| 650 | _aMICROSCOPIA | ||
| 773 | 0 |
_tRevista do Instituto Adolfo Lutz (Brazil) _xISSN 0073-9855 _g(Jun 1989), v. 49(1) p. 11-17 _wBR9000131 |
|
| 909 |
_a202311 _bLúcia _c55 _dLúcia Elande |
||
| 942 |
_2AGRIS _n0 _cANA |
||
| 999 |
_c127213 _d127213 |
||